Experimentálne metódy vo výrobných technológiách

Bibliographic Details
Main Author: Panda, Anton, 1963- (Author)
Format: Book
Language:Slovak
PhysicalDescription:203 s. grafy, sch. 29 cm
Published: Prešov Technická univerzita 2010
ISBN:9788055304458
Edition:1. vyd.
Subjects:

MARC

LEADER 00000nam a2200000 a 4500
001 vtls010197735
003 SK-MaSNL
005 20260302045021.0
008 240315s2010 xo d d p 000 0 slo
015 |a SNBA2011/02-00969 
020 |a 9788055304458  |q (brož.) 
035 |a CAE8A6B9-26DC-4E67-827D-D6A4CE61C806 
035 |a urn:nbn:sk:snk-amkwpq 
035 |a urn:nbn:sk:snk-am0082vd 
040 |a SNK  |b slo  |c SNK  |e AACR2 
041 0 |a slo 
044 |a xo  |c SK 
072 7 |a 62  |x Technika všeobecne  |2 konspekt 
080 |a 62:005.83  |2 2001 
080 |a 53.08  |2 2001 
080 |a (075.8)  |2 2001 
080 |a 006.91  |2 2001 
080 |a 658.5  |2 2001 
080 |a 681.518+620.1  |2 2001 
100 1 |a Panda, Anton,  |d 1963-  |4 aut  |9 120458 
245 1 0 |a Experimentálne metódy vo výrobných technológiách  |c Anton Panda 
250 |a 1. vyd. 
260 |a Prešov  |b Technická univerzita  |c 2010 
300 |a 203 s.  |b grafy, sch.  |c 29 cm 
366 |e 120 výt. 
500 |a Názov z obalu 
500 |a Vydala Technická univerzita v Košiciach , Fakulta výrobných technológií so sídlom v Prešove 
500 |a Zozn. použitej lit. 
504 |a Bibliogr. s. 198-202 
650 0 7 |a výrobné technológie  |2 SNKPH  |9 4198 
650 0 7 |a meranie  |2 SNKPH  |9 884 
650 0 7 |a experimentálne metódy  |2 SNKPH  |9 51081 
650 0 7 |a metrológia  |2 SNKPH  |9 940 
650 0 7 |a výrobné procesy  |2 SNKPH  |9 49951 
650 0 7 |a regulácia  |2 SNKPH  |9 363846 
650 0 7 |a technická diagnostika  |2 SNKPH  |9 3986 
650 0 7 |a spôsobilosť výrobného procesu  |2 SNKPH  |9 547910 
650 0 7 |a kontrolné zariadenia  |2 SNKPH  |9 701556 
650 0 7 |a meracie zariadenia  |2 SNKPH  |9 701557 
650 0 7 |a spôsobilosť  |2 SNKPH  |9 701558 
650 0 7 |a kontrola výroby  |2 SNKPH  |9 478512 
655 7 |a učebnice vysokých škôl  |2 SNKPH  |9 70191 
919 |a 978-80-553-0445-8 
958 |a OND 
958 |a NB 
968 |d 62 
999 |c 1092011  |d 1093941 
952 |a SNK  |b SNK  |y PREZ  |7 0  |p 17A0682653  |o snkSB 80631/A  |i snk2010/27725  |8 0  |0 0  |1 0  |4 0  |d 2010-12-14  |f 1  |l 0  |r 2025-05-05 00:00:00  |w 2026-02-24 
952 |a SNK  |b SNK  |y VYP  |7 0  |p 17A0682654  |o snkSB 80631/A D1  |i snk2010/27727  |8 0  |0 0  |1 0  |4 0  |d 2010-12-14  |l 0  |r 2016-06-30 00:00:00  |w 2026-02-24